| 000 | 00395 a2200145 4500 | ||
|---|---|---|---|
| 999 |
_c3192 _d3192 |
||
| 020 | _a9780713688566 | ||
| 050 | _aHD 57.7 LED 2008 | ||
| 100 | _aA & C Black | ||
| 245 |
_aLead others effectively _bhow to motivate and inspire at work / _cA & C Black |
||
| 264 |
_aLondon _bA & C Black _c2008 |
||
| 300 | _a88p. | ||
| 500 | _ainclude index | ||
| 650 | _aLeadership | ||
| 942 |
_2lcc _cBK _h57.7 _iLEA _kHD |
||